LEADER 01424cam0-22003971i-450- 001 990000213430403321 005 20101001110631.0 035 $a000021343 035 $aFED01000021343 035 $a(Aleph)000021343FED01 035 $a000021343 100 $a20020821g19331939km-y0itay50------ba 101 0 $aita 102 $aIT 105 $aaf------001yy 200 1 $aArchitetti e architetture militari$fLeone Andrea Maggiorotti 210 $a[Roma]$cLa libreria dello Stato$da. XI E.F. [1933]-1939 215 $a3 v. (XVI, 635; XVIII, 482; XI, 415 p. ; 8; 3; 74 c. di tav.)$cill.$d29 cm 225 1 $a<>opera del genio italiano all'estero. Serie 4 327 1 $a1.: Medioevo. - 1933$a2.:. - 1936$a3.: Gli architetti militari italiani nella Spagna, nel Portogallo e nelle loro colonie. - 1939 610 0 $aArchitettura militare$aStoria$aSec. X-XV 610 0 $aArchitettura militare$aStoria$aSec. X-XVI 610 0 $aArchitettura militare$aStoria$aSec. XV-XIX 676 $a725.18 700 1$aMaggiorotti,$bLeone Andrea$05207 801 0$aIT$bUNINA$gRICA$2UNIMARC 901 $aBK 912 $a990000213430403321 952 $a13 L 46 15$b17318$fFINBC 952 $a13 L 46 16$b17319$fFINBC 952 $a13 L 46 17$b17800$fFINBC 952 $a725.18 MAG 1 (1)$bST.ARTE 363$fFLFBC 959 $aFINBC 959 $aFLFBC 996 $aArchitetti e architetture militari$9123280 997 $aUNINA LEADER 02335nam0 22003973i 450 001 TO00413311 005 20231121125838.0 010 $a8879889206 100 $a20131130d1996 ||||0itac50 ba 101 | $aita 102 $ait 181 1$6z01$ai $bxxxe 182 1$6z01$an 200 1 $aDalla penitenza all'ascolto delle confessioni$eil ruolo dei frati mendicanti$eatti del 23. Convegno internazionale$eAssisi, 12-14 ottobre 1995$fSocietā internazionale di studi francescani, Centro interuniversitario di studi francescani 210 $aSpoleto$cCentro italiano di studi sull'alto Medioevo$d1996 215 $aX, 321 p., 20 p. di tav.$cill.$d23 cm. 225 | $aAtti dei convegni della Societā internazionale di studi francescani e del Centro interuniversitario di studi francescani.$i Nuova serie$v6 410 0$1001TO00075237$12001 $aAtti dei convegni della Societā internazionale di studi francescani e del Centro interuniversitario di studi francescani.$i Nuova serie$v6$171202$aSocietā internazionale di studi francescani$3CFIV021323 606 $aConfessione dei peccati$xSec. 11.-16.$xCongressi Assisi 1995$2FIR$3RMLC075233$9I 606 $aPenitenza$xSec. 11.-16.$xCongressi Assisi 1995$2FIR$3RMLC075235$9I 606 $aCongressi$xAssisi$x1995$2FIR$3RMLC410747$9I 606 $aOrdini mendicanti$xPenitenza$xSec. 13.-14.$xCongressi$x1995$2FIR$3RMLC410748$9I 676 $a271.06$9$v21 710 02$aSocietā internazionale di studi francescani$3CFIV021323$4070$0167009 711 02$aCentro interuniversitario di studi francescani$3TO0V043484$4070$0167010 801 3$aIT$bIT-01$c20131130 850 $aIT-RM0281 $aIT-RM0249 $aIT-RM0151 $aIT-FR0017 899 $aBIBLIOTECA VALLICELLIANA$bRM0281 899 $aSOCIETA' ROMANA DI STORIA PATRIA$bRM0249 899 $aBiblioteca Istituto Storico Italiano Medio Evo - I$bRM0151 899 $aBiblioteca umanistica Giorgio Aprea$bFR0017 912 $aTO00413311 950 0$aBiblioteca umanistica Giorgio Aprea$d 52CIS SPOLETO R 6$e 52VM 0000523905 VM barcode:00021063. - Inventario:27491 FLSVM$fA $h20050131$i20121204 977 $a 08$a 11$a 41$a 52 996 $aDalla penitenza all'ascolto delle confessioni$91456655 997 $aUNICAS